| 000 | 00830ngm a22003370a 4500 | ||
|---|---|---|---|
| 001 | PT39980 | ||
| 003 | AR-LpoUNG | ||
| 005 | 20210201235902.0 | ||
| 007 | vd cvaizq | ||
| 008 | 191001s2004||||xxu|||||||||||||||||eng d | ||
| 037 | _c$40.75 | ||
| 040 |
_aAR-LpoUNG _bspa _cAR-LpoUNG _eaacr |
||
| 041 | _aeng | ||
| 044 | _axxu | ||
| 082 | 0 | _a784.6 7mod | |
| 100 | 1 | _aQuintero, Roberto | |
| 245 | 1 | 0 |
_aModern congas : _btechniques, traditions, and applications |
| 250 | _a1ยช ed. | ||
| 260 |
_as.l. : _bHal - Leonard, _c2004. |
||
| 300 | _aDVD (38 min.) : son., col. | ||
| 650 | 4 | _aMUSICA | |
| 651 | 4 | _aDOCUMENTOS TEORICOS O METODOLOGICOS | |
| 653 | _aDVD | ||
| 653 | _aMUSICA | ||
| 653 | _aPERCUSION | ||
| 653 | _aTECNICA | ||
| 653 | _aTECNICAS MUSICALES | ||
| 653 | _aVIDEOS | ||
| 905 | _a39980 | ||
| 942 | _cDVD | ||
| 999 |
_c53697 _d53697 |
||